La partecipazione associativa in Italia: un confronto tra diverse surveys (Record n. 336520)

Dettagli MARC
000 -LEADER
campo di controllo lung. fissa 00660nam a22002297a 4500
003 - Identificatore del numero di controllo
campo di controllo IT-MiCISF
005 - Data e orario dell'ultima transazione
campo di controllo 20230317144233.0
008 - Elementi di lunghezza fissa--Informazione generale
campo di controllo lung. fissa 170310b xxu||||| |||| 00| 0 eng d
040 ## - Fonte della catalogazione
Agenzia catalografica originale IT-MiCISF
Agenzia che fa la trascrizione IT-MiCISF
041 ## - Codice di lingua
Codice di lingua del testo/traccia sonora o titolo separato it
100 ## - Accesso principale -- nome di persona
Nome di persona Carradore Marco
9 (RLIN) 56292
222 ## - Titolo chiave
Titolo chiave 15912027
245 ## - Formulazione del titolo
Titolo La partecipazione associativa in Italia: un confronto tra diverse surveys
250 ## - Formulazione di edizione
Formulazione di edizione "Sociologia e politiche sociali", n. 2
260 ## - Pubblicazione, distribuzione, ecc. (stampa)
Data di pubblicazione, distribuzione, ecc. 2016
300 ## - Descrizione fisica
Estensione pp. 87-114
310 ## - Periodicità corrente della pubblicazione
Periodicità corrente della pubblicazione quadrimestrale
500 ## - Nota generale
Nota generale società, associazionismo, capitale-sociale, volontariato
650 ## - Accesso aggiunto di soggetto--termine topico
Termine topico o nome geografico come accesso società
9 (RLIN) 56109
654 ## - Accesso aggiunto di soggetto--termini topici faccettati
Termine principale articolo
942 ## - Dati aggiuntivi (Koha)
Fonte della classificazione o dello schema di collocazione (segnatura) Dewey Decimal Classification
Tipo copia default (Koha) RIVISTA
Dati di copia
Ritirato (status) Perso (status) Fonte della classificazione o dello schema di collocazione (segnatura) Danneggiato (status) Non per il presito Biblioteca proprietaria Biblioteca in cui si trova Data d'acquisizione Totale prestiti Collocazione Data ultima operazione Prezzo in vigore dal Tipo copia default (Koha)
    Dewey Decimal Classification Buone Condizioni Not For Loan CISF - Milano CISF - Milano 10/03/2017   A09/R122 10/03/2017 10/03/2017 RIVISTA
CREDITS: SOCIETA' SAN PAOLO Via A.Severo, 58 - ROMA (RM) & PERIODICI SAN PAOLO SRL Via Giotto, 36 MILANO & CISF Via Giotto, 36 MILANO & EDIZIONI SAN PAOLO SRL,  Piazza Soncino, 5 CINISELLO BALSAMO (MI) -- ITALY